000 00904nam a2200241 i 4500
001 181458
003 ES-MaACL
005 20250930063154.0
008 130117s1994 sp | |||| ||spa d
080 _a321.01
100 1 _aSloterdijk, Peter,
_d1947-
_9159830
245 1 0 _aEn el mismo barco
_b: ensayo sobre la hiperpolítica /
_cPeter Sloterdijk ; traducción, Manuel Fontán del Junco.
260 _aMadrid :
_bSiruela,
_cD.L. 1994.
300 _a103 p. ;
_c15 cm.
490 1 _aBiblioteca de ensayo ;
_v2
650 4 _aPolítica-
_xFilosofía
_916274
700 1 _aFontán del Junco, Manuel,
_d1963-
_9226485
830 0 _aBiblioteca de ensayo ;
_v2
_9178029
852 _aES-MaACL
_jA-12469
_9188359
_bR.147481
_cDEPO1
_dOlim: N-5475
_xDonación: Miguel Ángel Velasco
903 _aVelasco, Miguel Ángel,
_d1939-
_ednr
_9147298
942 _2udc
_cMONOGRAFIA
999 _c181458
_d181458